| 000 | 00530nam a22001817a 4500 | ||
|---|---|---|---|
| 999 |
_c186186 _d186186 |
||
| 005 | 20220216110126.0 | ||
| 010 | _aENG-131617 | ||
| 020 |
_a9788194738688 _c270.00 |
||
| 035 | _aEN-115149 | ||
| 037 | _bDBAD | ||
| 082 | _a881 | ||
| 100 | _aGrewal, Jasmine | ||
| 245 |
_aRising Waves/ _cJasmine Grewal |
||
| 260 |
_aGurugram _bThe Poetry Society of India _c2020 |
||
| 270 |
_aH-23/16, DLF Phase-I _bGurugram _e122002 _mthepoertysoindia@gmail.com |
||
| 300 |
_aiv, 52p. _c21cm(pbk) |
||
| 942 |
_2ddc _cEN _h881 _mGRE |
||